Pakistan and untouchability / (Record no. 124108)

MARC details
000 -LEADER
fixed length control field 00598nam a22002177a 4500
005 - DATE AND TIME OF LATEST TRANSACTION
control field 20170124105935.0
010 ## - LIBRARY OF CONGRESS CONTROL NUMBER
LC control number 067497
020 ## - INTERNATIONAL STANDARD BOOK NUMBER
Terms of availability 00.00
035 ## - SYSTEM CONTROL NUMBER
System control number 067497
037 ## - SOURCE OF ACQUISITION
Source of stock number/acquisition Cen Lib/Ret
040 ## - CATALOGING SOURCE
Original cataloging agency DPL
Language of cataloging EN
082 ## - DEWEY DECIMAL CLASSIFICATION NUMBER
Classification number 301.46
Item number AFZ
100 ## - MAIN ENTRY--PERSONAL NAME
Personal name Afzal Haq
9 (RLIN) 9339
245 ## - TITLE STATEMENT
Title Pakistan and untouchability /
Statement of responsibility, etc by Afzal Haq
260 ## - PUBLICATION, DISTRIBUTION, ETC. (IMPRINT)
Place of publication, distribution, etc Lahore
Date of publication, distribution, etc 1941
Name of publisher, distributor, etc Proprietor Maktaba-e-Urdu
270 ## - ADDRESS
City Lahore
Address 15, circular road
300 ## - PHYSICAL DESCRIPTION
Extent 164p.
Dimensions 17cm(Hb)
650 ## - SUBJECT ADDED ENTRY--TOPICAL TERM
Topical term or geographic name as entry element Muslims dominance
9 (RLIN) 9340
650 ## - SUBJECT ADDED ENTRY--TOPICAL TERM
Topical term or geographic name as entry element League resolution
9 (RLIN) 9341
942 ## - ADDED ENTRY ELEMENTS (KOHA)
Source of classification or shelving scheme Dewey Decimal Classification
Koha item type English Books
Classification part 305.46
Call number suffix AFZ
Holdings
Withdrawn status Lost status Damaged status Not for loan Home library Current library Date acquired Source of acquisition Cost, normal purchase price Total Checkouts Full call number Barcode Date last seen Copy number Cost, replacement price Price effective from Koha item type
        Central Library Central Library 13/06/2015 Cen Lib/Ret 0.00   301.46 AFZ 067497 13/06/2015 1 0.00 13/06/2015 English Books

© Delhi Public Library
Hit Counter
free hit counter